NFL 1980s All-Decade Team - Statistics

General Stats
  • This quiz has been taken 94 times
  • The average score is 13 of 55
Answer Stats
Hint Answer % Correct
Quarterback Joe Montana
92%
Running back Walter Payton
88%
Wide receiver Jerry Rice
82%
Outside linebacker Lawrence Taylor
75%
Defensive end Reggie White
63%
Defensive end Bruce Smith
62%
Defensive tackle Randy White
62%
Running back Eric Dickerson
57%
Safety Ronnie Lott
54%
Middle linebacker Mike Singletary
53%
Wide receiver Steve Largent
51%
Running back John Riggins
46%
Tight end Kellen Winslow
46%
Quarterback Dan Fouts
45%
Wide receiver Art Monk
42%
Kicker Morten Andersen
42%
Tackle Anthony Muñoz
41%
Running back Roger Craig
38%
Tight end Ozzie Newsome
28%
Defensive end Howie Long
26%
Guard John Hannah
26%
Cornerback Lester Hayes
25%
Cornerback Mike Haynes
22%
Wide receiver James Lofton
18%
Center Mike Webster
18%
Middle linebacker Jack Lambert
17%
Center Dwight Stephenson
16%
Defensive end Lee Roy Selmon
14%
Cornerback Mel Blount
14%
Outside linebacker Ted Hendricks
11%
Safety Kenny Easley
7%
Defensive tackle Keith Millard
4%
Guard Bill Fralic
3%
Tackle Gary Zimmerman
1%
Tackle Jimbo Covert
1%
Tackle Joe Jacoby
1%
Guard Russ Grimm
1%
Outside linebacker Andre Tippett
0%
Punt Returner Billy "White Shoes" Johnson
0%
Outside linebacker Carl Banks
0%
Defensive tackle Dan Hampton
0%
Defensive tackle Dave Butz
0%
Safety Deron Cherry
0%
Kicker Eddie Murray
0%
Cornerback Frank Minnifield
0%
Kicker Gary Anderson
0%
Safety Joey Browner
0%
Outside linebacker John Anderson
0%
Punt Returner John Taylor
0%
Guard Mike Munchak
0%
Kick Returner Mike Nelms
0%
Safety Nolan Cromwell
0%
Punter Reggie Roby
0%
Kick Returner Rick Upchurch
0%
Punter Sean Landeta
0%
No matching quizzes found
Score Distribution
Percent of People with Each Score
Percentile by Number Answered
Your Score History
You have not taken this quiz